000 00651nam a2200289Ia 4500
005 20260324150940.0
008 008 260324s9999 xx 000 0 eng d
020 _a9781003621133
037 _aEBOOK
040 _aCRL
040 _beng
040 _cCRL
041 _2eng
041 _aeng
084 _qCRL
100 _aJ.A.K. Thomson
_91227326
245 0 _aIrony
245 3 _bAn Historical Introduction
260 _bTaylor and Francis
260 _c1926
365 _a
365 _b110
856 _uhttp://www.taylorfrancis.com/books/9781003621133
942 _cEBOOK
999 _c1838503
_d1838503